000
00299nam a2200121Ia 4500
008
190216s9999||||xx |||||||||||||| ||und||
100
_a
Antony E C
245
2
_a
A Taste Of Good Prose
260
_b
Blackie Publishers & Distributors
_c
1984
300
_a
108p
650
_a
English Prose
942
_c
BK
999
_c
13516
_d
13516